| 000 | 00824nam a2200217 i 4500 | ||
|---|---|---|---|
| 001 | 46100 | ||
| 003 | ES-MaACL | ||
| 005 | 20250828084000.0 | ||
| 007 | t| | ||
| 008 | 030327s1953 sz ||||1| fre d | ||
| 111 | 2 |
_aConférence Internationale de l'Instruction Publique ( _n16ª. _d1953. _cGinebra) _9150 |
|
| 245 | 1 | 3 |
_aLa formation professionnelle du personnel enseignant primaire _b: deuxième partie. |
| 260 |
_aGenève : _b[s.n., _c1953] |
||
| 300 |
_a74 p. ; _c24 cm. |
||
| 490 | 1 |
_aPublications du Bureau International d'Education ; _v148 |
|
| 500 | _aPrecede al tít.: Bureau International d'Education. | ||
| 710 | 2 | 0 |
_aOficina Internacional de Educación _96022 |
| 830 | 0 |
_aPublications du Bureau International d'Education ; _v148 _9181740 |
|
| 852 |
_aES-MaACL _j1963-F-2 _bR.34813 |
||
| 999 |
_c46100 _d46100 |
||